Identidad, utopía y la socialización de la posibilidad /

Saved in:
Bibliographic Details
Main Author: Pérez Sánchez, Rolando
Format: Text
Subjects:
Tags: Add Tag
No Tags, Be the first to tag this record!

MARC

LEADER 00000 a a2200000 04500
001 13560
003
040
100 |a Pérez Sánchez, Rolando  
245 |a Identidad, utopía y la socialización de la posibilidad /  |c Rolando Pérez Sánchez 
650 |a IDENTIDAD CULTURAL  
650 |a UTOPIA  
650 |a SOCIEDAD  
650 |a CIENCIAS SOCIALES  
650 |a TEORIA  
650 |a CULTURA  
773 |g número 66; páginas 31-41  
999 |c 23288  |d 23288